| Поле | Название | Значение |
| |
Тип записи |
a |
| |
Библиографический уровень |
a |
| 001 |
Контрольный номер |
RU/CBS_UL/BASE/591188982 |
| 005 |
Дата корректировки |
20240209175229.9 |
| 100 |
Данные общей обработки |
__ |
| a |
Данные общей обработки |
20180925d2018 ||| 0rusy0189 ca |
| 101 |
Язык документа |
0_ |
| a |
Язык текста |
rus |
| 102 |
Страна публикации |
__ |
| a |
Страна публикации |
RU |
| 105 |
Кодированные данные (монография) |
__ |
| a |
Кодированные данные (монография) |
y###||||000|y |
| 200 |
Заглавие и сведения об ответственности |
1_ |
| a |
Заглавие |
Как настоящие. Или лучше настоящих? |
| b |
Общее обозначение материала |
Текст |
| e |
Сведения, относящиеся к заглавию |
[о моделизме авиационной и бронетанковой техники] |
| f |
Первые сведения об ответственности |
М. Никольский |
| 300 |
Общие примечания |
__ |
| a |
Общие примечания |
Ограничения по возрасту - 12+ |
| 461 |
Уровень набора |
_0 |
| 1 |
|
2000 |
| a |
|
Мир техники для детей |
| 463 |
Уровень физической единицы |
_0 |
| 1 |
|
001RU/CBS_UL/BASE/590961684 |
| 1 |
|
2000 |
| a |
|
№ 8 |
| v |
|
С. 7-18 : цв. фото |
| 1 |
|
210 |
| d |
|
2018 |
| 606 |
Тематические рубрики |
0_ |
| a |
Основная рубрика |
Техническое моделирование |
| 610 |
Ключевые слова |
0_ |
| a |
Ключевые слова |
техническое моделирование |
| a |
Ключевые слова |
моделирование техническое |
| a |
Ключевые слова |
моделизм технический |
| a |
Ключевые слова |
авиамоделизм |
| a |
Ключевые слова |
танки радиоуправляемые |
| a |
Ключевые слова |
самолеты радиоуправляемые |
| a |
Ключевые слова |
модели самолетов |
| a |
Ключевые слова |
модели танков |
| a |
Ключевые слова |
модели вертолетов |
| a |
Ключевые слова |
техника авиационная |
| a |
Ключевые слова |
авиационная техника |
| a |
Ключевые слова |
бронетанковая техника |
| a |
Ключевые слова |
техника бронетанковая |
| a |
Ключевые слова |
летательные аппараты |
| a |
Ключевые слова |
соревнования авиационные |
| a |
Ключевые слова |
авиационные соревнования |
| a |
Ключевые слова |
соревнования по авиамоделизму |
| 686 |
Индексы других классификаций |
__ |
| a |
Классификационный индекс |
30в6 |
| 2 |
Код системы |
ББК |
| 700 |
Автор |
_1 |
| a |
Фамилия |
Никольский |
| b |
Имя (инициалы) |
М. |
| 801 |
Источник записи |
_0 |
| a |
Страна |
RU |
| b |
Организация |
МБУК ЦБС г. Ульяновска |
| c |
Дата составления |
20180925 |
| g |
Правила каталогизации |
RCR |
| 801 |
Источник записи |
_1 |
| a |
Страна |
RU |
| b |
Организация |
МБУК ЦБС г. Ульяновска |
| c |
Дата составления |
20180925 |
| g |
Правила каталогизации |
RCR |
| 901 |
Тип документа |
__ |
| t |
Тип документа |
b |
| w |
Контрольный № источника |
RU/CBS_UL/BASE/590961684 |
| 910 |
Корректоры записи |
__ |
| a |
Корректор записи |
Библиотека 1 |
| 938 |
Служебная информация |
__ |
| a |
Имя БД |
period |